| 000 | 00388nam a2200121Ia 4500 | ||
|---|---|---|---|
| 008 | 231129s1988||||xx |||||||||||||| ||spa|| | ||
| 082 | _aHAJ- 0294 | ||
| 100 | _aBiblioteca de la Presidencia de la República | ||
| 245 | 0 | _aEscritos políticos y mensajes administrativos 1820-1827 | |
| 260 | _c1988 | ||
| 264 | _aBogotá: Biblioteca de la Presidencia de la República | ||
| 942 |
_2ddc _cBKS |
||
| 999 |
_c13356 _d13356 |
||